000 00613nam a2200217Ia 4500
005 20250923145604.0
008 008 250917s9999 xx 000 0 eng d
037 _aTextual
040 _aDSWL
_beng
_cDSWL
041 _aeng
_2eng
084 _aX.2, N79
_qDSWL
100 _aRangarajan, C.R.
_9836891
245 0 _aPrinciples of Macroeconomics
_c by C.R. Rangarajan
260 _aNew Delhi
_bDelhi Tata McGraw-Hill
_c1979
300 _axi,223p.
365 _aINR
_b20.50
700 _a B.H. Dholakia
_9836892
925 _g20.50
942 _cTEXL
_hX.2, N79
999 _c1453186
_d1453186